00787nam a2200229Ia 4500003000900000008004100009020001800050040001600068080001200084245011000096260005200206300001600258650002200274650001400296650003600310650003200346650003400378700003200412942000700444999001700451952008900468IN-BaIIA211028s9999 xx 000 0 eng d a0-521-42673-1 cIIA Library a52bCOR 0aBubbles, voids and bumps in timebthe new cosmologycedited by James Cornell  aGreat BritainbCambridge University Pressc1992 axiii, 190p. aAstrophysics9794 aCosmology aDiscovering the Universe927974 aMapping the Universe927975 aMeasuring the Universe927976 aCornell, James., ed.910013 cBK c15215d15215 00104070aBANbKAVcGENd2003-07-17l0o52/ CORp16137r2021-11-05w2003-07-17yBK